000 00475nam a22001457a 4500
003 OSt
082 _a664
_bBIN/TE
088 _aT 528
100 _aBinuja Thomas
245 _aTechnology refinement and Food safety management system Assessment of Food Processing Enterprises Facilitated Through Agri-Business Incubators
260 _a KCAET , TAVANUR
_bDepartment of processing and food engineering
_c2021
300 _a243 Pages
700 _aSudheer , K.P
942 _cTH
999 _c17486
_d17486